000 00334nam a2200145Ia 4500
008 191201s2010 xx 000 0 und d
082 _a658.0954
_bMUB
100 _aMUSTAFA,A
245 0 _aBusiness Environment and law
250 _a1st.
260 _aN.Delhi
_bAITBS Pub.
_c2010
300 _a524
650 _aBBA
942 _2ddc
_cBK
999 _c4844
_d4844